| 000 | 00000nas 2200000za 4500 |
| 001 | 9.819433 |
| 003 | CaOODSP |
| 005 | 20221107142946 |
| 007 | cr ||||||||||| |
| 008 | 160614d19651987oncar p oss f000#a0eng|d |
| 022 | |y0576-0119 |
| 040 | |aCaOODSP|beng |
| 041 | |aeng|afre |
| 043 | |an-cn--- |
| 086 | 1 |aCS61-208-PDF |
| 245 | 00|aCorporation taxation statistics |h[electronic resource] = |bStatistique fiscale des sociétés. |
| 246 | 11|aStatistique fiscale des sociétés |
| 260 | |aOttawa : |bDominion Bureau of Statistics, Corporations and Labour Unions Returns Division = Bureau fédéral de la statistique, Division des déclarations des corporations et des syndicats ouvriers, |c1969-1990. |
| 310 | |aAnnual |
| 362 | 0 |a1965-1987. |
| 500 | |aDigitized edition from print [produced by Statistics Canada]. |
| 546 | |aText in English and French. |
| 550 | |aIssued 1969-1970 by Statistics Canada, Corporations and Labour Unions Returns Division; 1971-1981 by Business Finance Division; 1982-1987 by Industrial Organization and Finance Division. |
| 580 | |aContinues a part of: Taxation statistics. |
| 692 | 07|2gccst|aCorporations |
| 692 | 07|2gccst|aTaxes |
| 710 | 1 |aCanada. |bDominion Bureau of Statistics.|bCorporations and Labour Unions Returns Division. |
| 710 | 2 |aStatistics Canada.|bCorporations and Labour Unions Returns Division. |
| 710 | 2 |aStatistics Canada.|bIndustrial Organization and Finance Division. |
| 710 | 1 |aCanada. |bStatistics Canada. |bBusiness Finance Division. |
| 792 | |tCorporation taxation statistics |efre|w(CaOODSP)9.819440 |